Every Premier League Goalscorer (1996/97) - Statistics

General Stats
  • This quiz has been taken 79 times
  • The average score is 84 of 256
Answer Stats
Player Club Goals % Correct
Alan Shearer Newcastle United 25
90%
Andy Cole Manchester United 6
88%
Alan Wright Aston Villa 1
86%
Chris Sutton Blackburn Rovers 11
86%
Ian Wright Arsenal 23
86%
Roy Keane Manchester United 2
86%
Ryan Giggs Manchester United 3
86%
Teddy Sheringham Tottenham Hotspur 7
86%
David Beckham Manchester United 8
83%
Dwight Yorke Aston Villa 17
83%
Les Ferdinand Newcastle United 16
83%
Mikkel Beck Middlesbrough 5
83%
Robbie Fowler Liverpool 18
83%
Tony Adams Arsenal 3
83%
Éric Cantona Manchester United 11
81%
Henning Berg Blackburn Rovers 3
81%
Paul Scholes Manchester United 3
81%
Rio Ferdinand West Ham United 2
79%
Gianfranco Zola Chelsea 8
76%
Lee Dixon Arsenal 2
76%
Matt Le Tissier Southampton 13
76%
Dennis Bergkamp Arsenal 12
74%
Dion Dublin Coventry City 13
74%
Gary Neville Manchester United 1
74%
Nicky Butt Manchester United 5
74%
Ian Rush Leeds United 3
71%
Jamie Redknapp Liverpool 3
71%
Michael Owen Liverpool 1
71%
Ole Gunnar Solskjær Manchester United 18
71%
Vinnie Jones Wimbledon 3
71%
Duncan Ferguson Everton 10
69%
Steve McManaman Liverpool 7
69%
David Ginola Newcastle United 1
67%
Mark Hughes Chelsea 8
64%
Michael Hughes West Ham United 3
64%
Patrick Vieira Arsenal 2
64%
Paul Hughes Chelsea 2
64%
Paul Merson Arsenal 6
64%
Ray Parlour Arsenal 2
64%
Dennis Wise Chelsea 3
62%
Martin Keown Arsenal 1
62%
Stuart Pearce Nottingham Forest 5
62%
Colin Hendry Blackburn Rovers 1
60%
Darren Anderton Tottenham Hotspur 3
60%
Denis Irwin Manchester United 1
60%
Gary McAllister Coventry City 6
60%
Gary Pallister Manchester United 3
60%
Gary Speed Everton 9
60%
John Barnes Liverpool 4
60%
Lee Sharpe Leeds United 5
60%
Tommy Johnson Aston Villa 4
60%
Gianluca Vialli Chelsea 9
57%
Niall Quinn Sunderland 2
57%
Roberto Di Matteo Chelsea 7
57%
Stan Collymore Liverpool 12
57%
Fabrizio Ravanelli Middlesbrough 16
55%
Gareth Southgate Aston Villa 1
55%
Graeme Le Saux Blackburn Rovers 1
55%
Tim Sherwood Blackburn Rovers 3
55%
Andrei Kanchelskis Everton 4
52%
David Batty Newcastle United 1
52%
David Lee Chelsea 1
52%
David Platt Arsenal 4
52%
Emile Heskey Leicester City 10
52%
Jason Lee Nottingham Forest 1
52%
Juninho Middlesbrough 13
52%
Kevin Campbell Nottingham Forest 6
52%
Rob Lee Newcastle United 5
52%
David May Manchester United 3
50%
Garry Parker Leicester City 2
50%
Ian Taylor Aston Villa 2
50%
Peter Beardsley Newcastle United 5
48%
Frank Sinclair Chelsea 1
45%
Jason Wilcox Blackburn Rovers 2
45%
John Hartson Arsenal 3
45%
John Hartson West Ham United 5
45%
Philippe Albert Newcastle United 2
45%
Ruud Gullit Chelsea 1
45%
Clive Wilson Tottenham Hotspur 1
43%
Neil Ruddock Liverpool 1
43%
Nicky Barmby Everton 4
43%
Nicky Barmby Middlesbrough 1
43%
Stuart Wilson Leicester City 1
43%
Brian Deane Leeds United 5
40%
Chris Waddle Sunderland 1
40%
Dan Petrescu Chelsea 3
40%
Darren Huckerby Coventry City 5
40%
Darren Williams Sunderland 2
40%
Faustino Asprilla Newcastle United 4
40%
Jason McAteer Liverpool 1
40%
Muzzy Izzet Leicester City 3
40%
Paul Williams Coventry City 2
40%
Benito Carbone Sheffield Wednesday 6
38%
Dave Watson Everton 1
38%
David Hirst Sheffield Wednesday 6
38%
Gordon Watson Southampton 2
38%
Ian Harte Leeds United 2
38%
Julian Watts Leicester City 1
38%
Kevin Gallacher Blackburn Rovers 10
38%
Lee Clark Newcastle United 2
38%
Phil Babb Liverpool 1
38%
Rod Wallace Leeds United 3
38%
Savo Milošević Aston Villa 9
38%
Steve Watson Newcastle United 1
38%
Patrik Berger Liverpool 6
36%
Paulo Wanchope Derby County 1
36%
Dean Holdsworth Wimbledon 5
33%
Dean Saunders Nottingham Forest 3
33%
Keith Gillespie Newcastle United 1
33%
Ruel Fox Tottenham Hotspur 1
33%
Steffen Iversen Tottenham Hotspur 6
33%
Ugo Ehiogu Aston Villa 3
33%
Chris Armstrong Tottenham Hotspur 5
31%
Dean Sturridge Derby County 11
31%
Julian Dicks West Ham United 6
31%
Karel Poborský Manchester United 3
31%
Michael Thomas Liverpool 3
31%
Steve Staunton Aston Villa 2
31%
Warren Barton Newcastle United 1
31%
David Unsworth Everton 5
29%
Gary Kelly Leeds United 2
29%
Jason Euell Wimbledon 2
29%
Lee Bowyer Leeds United 4
29%
Marcus Gayle Wimbledon 8
29%
Neil Lennon Leicester City 1
29%
Øyvind Leonhardsen Wimbledon 5
29%
Andy Hinchcliffe Everton 1
26%
Bryan Roy Nottingham Forest 3
26%
Efan Ekoku Wimbledon 11
26%
Ian Marshall Leicester City 8
26%
Jamie Carragher Liverpool 1
26%
Julian Joachim Aston Villa 3
26%
Kevin Ball Sunderland 3
26%
Michael Ball Everton 2
26%
Paul Kitson West Ham United 8
26%
Robbie Earle Wimbledon 7
26%
Steve Howey Newcastle United 1
26%
Andy Townsend Aston Villa 2
24%
Darren Peacock Newcastle United 1
24%
Emerson Middlesbrough 3
24%
Eyal Berkovic Southampton 4
24%
Matt Elliott Leicester City 4
24%
Michael Gray Sunderland 3
24%
Noel Whelan Coventry City 6
24%
Paul Stewart Sunderland 4
24%
Peter Ndlovu Coventry City 1
24%
Robbie Elliott Newcastle United 7
24%
Steve Claridge Leicester City 12
24%
Steve Walsh Leicester City 2
24%
Stig Inge Bjørnebye Liverpool 2
24%
Andy Clarke Wimbledon 1
21%
Chris Perry Wimbledon 1
21%
Darryl Powell Derby County 1
21%
Frank Leboeuf Chelsea 6
21%
Jordi Cruyff Manchester United 3
21%
Mark Robins Leicester City 1
21%
Andy Booth Sheffield Wednesday 10
19%
Colin Cooper Nottingham Forest 2
19%
Craig Burley Chelsea 2
19%
Graham Stuart Everton 5
19%
Matt Oakley Southampton 3
19%
Michael Duberry Chelsea 1
19%
Mickey Evans Southampton 4
19%
Nigel Clough Nottingham Forest 1
19%
Rory Allen Tottenham Hotspur 2
19%
Andy Sinton Tottenham Hotspur 6
17%
Ashley Ward Derby County 8
17%
Gary Rowett Derby County 2
17%
Ian Woan Nottingham Forest 1
17%
Jason Dodd Southampton 1
17%
Lars Bohinen Blackburn Rovers 2
17%
Michael Bridges Sunderland 3
17%
Neal Ardley Wimbledon 2
17%
Neil Shipperley Southampton 1
17%
Alex Rae Sunderland 2
14%
Chris Bart-Williams Nottingham Forest 1
14%
David Howells Tottenham Hotspur 2
14%
Egil Østenstad Southampton 9
14%
Ian Nolan Sheffield Wednesday 1
14%
Igor Štimac Derby County 1
14%
Jan Åge Fjørtoft Middlesbrough 1
14%
John Moncur West Ham United 2
14%
Paul Simpson Derby County 2
14%
Paul Warhurst Blackburn Rovers 2
14%
Per Pedersen Blackburn Rovers 1
14%
Ronny Rosenthal Tottenham Hotspur 1
14%
Slaven Bilić West Ham United 2
14%
Aljoša Asanović Derby County 6
12%
Allan Nielsen Tottenham Hotspur 6
12%
Craig Hignett Middlesbrough 4
12%
Garry Flitcroft Blackburn Rovers 3
12%
Ian Bishop West Ham United 1
12%
Mark Pembridge Sheffield Wednesday 6
12%
Paul Shaw Arsenal 2
12%
Scott Minto Chelsea 4
12%
Wayne Collins Sheffield Wednesday 1
12%
Allan Johnston Sunderland 1
10%
Andy Linighan Arsenal 1
10%
Christian Dailly Derby County 3
10%
Craig Short Everton 1
10%
Jim Magilton Southampton 4
10%
Martin Scott Sunderland 1
10%
Michael Branch Everton 2
10%
Phil Stamp Middlesbrough 1
10%
Pierre van Hooijdonk Nottingham Forest 1
10%
Robert Molenaar Leeds United 1
10%
Andy Myers Chelsea 1
7%
Clayton Blackmore Middlesbrough 2
7%
Giorgios Donis Blackburn Rovers 2
7%
Graham Hyde Sheffield Wednesday 2
7%
John Salako Coventry City 1
7%
Mick Harford Wimbledon 1
7%
Neil Maddison Southampton 1
7%
Ramon Vega Tottenham Hotspur 1
7%
Regi Blinker Sheffield Wednesday 1
7%
Robin van der Laan Derby County 2
7%
Stan Lazaridis West Ham United 1
7%
Carl Tiler Aston Villa 1
5%
Craig Russell Sunderland 4
5%
Des Lyttle Nottingham Forest 1
5%
Guy Whittingham Sheffield Wednesday 3
5%
Jacob Laursen Derby County 1
5%
Jon Goodman Wimbledon 1
5%
Jon Newsome Sheffield Wednesday 1
5%
Marc Rieper West Ham United 1
5%
O'Neill Donaldson Sheffield Wednesday 2
5%
Peter Atherton Sheffield Wednesday 2
5%
Ritchie Humphreys Sheffield Wednesday 3
5%
Robbie Slater Southampton 2
5%
Ron Willems Derby County 2
5%
Scott Oakes Sheffield Wednesday 1
5%
Vladimír Kinder Middlesbrough 1
5%
Andy Melville Sunderland 2
2%
Billy McKinlay Blackburn Rovers 1
2%
Dejan Stefanović Sheffield Wednesday 2
2%
Florin Răducioiu West Ham United 2
2%
Hugo Porfírio West Ham United 2
2%
John Mullin Sunderland 1
2%
Keith Rowland West Ham United 1
2%
Liam Daish Coventry City 1
2%
Mark Bowen West Ham United 1
2%
Mark Ford Leeds United 1
2%
Neil Heaney Southampton 1
2%
Orlando Trustfull Sheffield Wednesday 3
2%
Paul Trollope Derby County 1
2%
Richard Ord Sunderland 2
2%
Stewart Castledine Wimbledon 1
2%
Alf-Inge Håland Nottingham Forest 6
0%
Andrew Couzens Leeds United 1
0%
Graham Fenton Blackburn Rovers 1
0%
Jason Dozzell Tottenham Hotspur 2
0%
Paul McVeigh Tottenham Hotspur 1
0%
Richard Dryden Southampton 1
0%
Sean Flynn Derby County 1
0%
Steve Agnew Sunderland 2
0%
Ulrich van Gobbel Southampton 1
0%
No matching quizzes found
Score Distribution
Percent of People with Each Score
Percentile by Number Answered
Your Score History
You have not taken this quiz